| 000 | 00379nam a2200145 4500 | ||
|---|---|---|---|
| 001 | 112987 | ||
| 003 | ES-MaACL | ||
| 005 | 20230906185721.0 | ||
| 007 | t| | ||
| 008 | 061121s1965 sp r ||||1| spa d | ||
| 245 | 0 | 3 | _aEl nuevo rostro de la Iglesia. |
| 260 |
_aMadrid : _bEd. El Perpetuo Socorro, _c1965. |
||
| 300 |
_a147 p. ; _c22 cm. |
||
| 852 |
_aES-MaACL _jC-29259 _bR.59763 |
||
| 999 |
_c112987 _d112987 |
||